[Event "Irena Warakomska Memorial A"]
[Site "Suwalki"]
[Date "2018.08.06"]
[Round "7"]
[White "Tihonov, Jurij"]
[Black "Ulybin, Mikhail"]
[Result "1/2-1/2"]
[Board "15"]
[WhiteElo "2385"]
[WhiteTitle "GM"]
[WhiteCountry "BLR"]
[WhiteFideId "13500325"]
[WhiteEloChange "4"]
[BlackElo "2512"]
[BlackTitle "GM"]
[BlackCountry "RUS"]
[BlackFideId "4101405"]
[BlackEloChange "-2"]

1. Nf3 {[%clk 1:30:31]} Nf6 {[%clk 1:21:48]} 2. d4 {[%clk 1:30:00]} d5 {[%clk
1:21:24]} 3. c4 {[%clk 1:29:09]} c5 {[%clk 1:19:15]} 4. cxd5 {[%clk 1:29:13]}
cxd4 {[%clk 1:18:40]} 5. Qxd4 {[%clk 1:29:21]} Qxd5 {[%clk 1:18:15]} 6. Nc3
{[%clk 1:29:43]} Qxd4 {[%clk 1:18:03]} 7. Nxd4 {[%clk 1:30:04]} a6 {[%clk
1:16:30]} 8. g3 {[%clk 1:30:19]} e5 {[%clk 1:15:30]} 9. Nb3 {[%clk 1:30:33]} Be6
{[%clk 1:12:54]} 10. Bg2 {[%clk 1:30:14]} Nc6 {[%clk 1:12:25]} 11. O-O {[%clk
1:29:09]} O-O-O {[%clk 1:10:02]} 12. Bg5 {[%clk 1:08:52]} Bxb3 {[%clk 0:25:32]}
13. axb3 {[%clk 0:36:49]} Nd4 {[%clk 0:25:08]} 14. Rad1 {[%clk 0:36:39]} Be7
{[%clk 0:17:10]} 15. Bxf6 {[%clk 0:35:35]} Bxf6 {[%clk 0:15:00]} 16. b4 {[%clk
0:35:24]} Be7 {[%clk 0:08:28]} 17. e3 {[%clk 0:31:54]} Nb5 {[%clk 0:05:47]} 18.
Nxb5 {[%clk 0:27:28]} axb5 {[%clk 0:05:44]} 19. Ra1 {[%clk 0:27:46]} Kc7 {[%clk
0:04:58]} 20. Ra7 {[%clk 0:19:03]} Rb8 {[%clk 0:05:10]} 21. Ra3 {[%clk 0:19:03]}
Rhd8 {[%clk 0:02:24]} 22. Rfa1 {[%clk 0:10:36]} Kb6 {[%clk 0:01:38]} 23. Bf1
{[%clk 0:06:52]} Rd5 {[%clk 0:01:15]} 24. Rc3 {[%clk 0:05:03]} Rbd8 {[%clk
0:00:44]} 25. Rac1 {[%clk 0:02:02]} e4 {[%clk 0:00:56]} 26. Be2 {[%clk 0:02:04]}
Bxb4 {[%clk 0:00:58]} 27. Rc7 {[%clk 0:01:40]} R8d7 {[%clk 0:00:54]} 28. Rxd7
{[%clk 0:01:28]} Rxd7 {[%clk 0:01:20]} 29. Rd1 {[%clk 0:01:00]} Rd2 {[%clk
0:00:40]} 30. Rxd2 {[%clk 0:00:54]} Bxd2 {[%clk 0:01:07]} 31. Kf1 {[%clk
0:01:00]} Kc5 {[%clk 0:01:15]} 32. Bd1 {[%clk 0:00:46]} Kc4 {[%clk 0:00:56]} 33.
Ke2 {[%clk 0:00:40]} Bc1 {[%clk 0:01:16]} 34. Bc2 {[%clk 0:00:47]} f5 {[%clk
0:01:02]} 35. g4 {[%clk 0:00:58]} g6 {[%clk 0:00:57]} 36. gxf5 {[%clk 0:01:05]}
gxf5 {[%clk 0:01:22]} 37. f3 {[%clk 0:01:19]} exf3+ {[%clk 0:01:16]} 38. Kxf3
{[%clk 0:01:47]} Bxb2 {[%clk 0:01:23]} 39. Bxf5 {[%clk 0:02:08]} h6 {[%clk
0:01:01]} 40. Bc8 {[%clk 0:32:02]} b6 {[%clk 0:31:08]} 41. Ba6 {[%clk 0:32:03]}
Kb4 {[%clk 0:20:40]} 42. Ke4 {[%clk 0:31:50]} Ka5 {[%clk 0:20:11]} 43. Bc8 {[%clk
0:31:53]} b4 {[%clk 0:19:27]} 44. Kd3 {[%clk 0:31:22]} b3 {[%clk 0:19:23]} 45. h3
{[%clk 0:31:06]} Kb4 {[%clk 0:19:18]} 46. Be6 {[%clk 0:30:15]} b5 {[%clk
0:19:14]} 47. Bf7 {[%clk 0:29:04]} Bh8 {[%clk 0:18:36]} 48. Ke4 {[%clk 0:28:25]}
1/2-1/2

[Event "Irena Warakomska Memorial A"]
[Site "Suwalki"]
[Date "2018.08.06"]
[Round "7"]
[White "Budrewicz, Krzysztof"]
[Black "Koziak, Vitali"]
[Result "0-1"]
[Board "16"]
[WhiteElo "2203"]
[WhiteCountry "POL"]
[WhiteFideId "1127950"]
[WhiteEloChange "-3"]
[BlackElo "2473"]
[BlackTitle "IM"]
[BlackCountry "UKR"]
[BlackFideId "14102234"]
[BlackEloChange "2"]

1. d4 {[%clk 1:30:56]} c5 {[%clk 1:30:26]} 2. d5 {[%clk 1:30:53]} Nf6 {[%clk
1:30:35]} 3. c4 {[%clk 1:31:05]} g6 {[%clk 1:30:35]} 4. Nc3 {[%clk 1:30:24]} Bg7
{[%clk 1:30:59]} 5. e4 {[%clk 1:28:51]} d6 {[%clk 1:31:04]} 6. h3 {[%clk
1:17:19]} O-O {[%clk 1:30:22]} 7. Nf3 {[%clk 1:16:28]} e6 {[%clk 1:30:20]} 8. Bd3
{[%clk 1:16:29]} exd5 {[%clk 1:30:14]} 9. cxd5 {[%clk 1:16:55]} a6 {[%clk
1:21:22]} 10. a4 {[%clk 1:14:02]} Nbd7 {[%clk 1:17:11]} 11. O-O {[%clk 1:13:26]}
Nh5 {[%clk 1:15:24]} 12. g4 {[%clk 1:06:32]} Nhf6 {[%clk 1:07:26]} 13. Bf4 {[%clk
1:01:06]} Qe7 {[%clk 1:04:44]} 14. Re1 {[%clk 0:57:21]} h5 {[%clk 0:57:41]} 15.
e5 {[%clk 0:42:38]} dxe5 {[%clk 0:55:29]} 16. Nxe5 {[%clk 0:42:53]} Nxe5 {[%clk
0:55:43]} 17. Rxe5 {[%clk 0:42:42]} Qd6 {[%clk 0:49:33]} 18. Qd2 {[%clk 0:32:22]}
hxg4 {[%clk 0:34:46]} 19. Rae1 {[%clk 0:32:26]} gxh3 {[%clk 0:30:00]} 20. Re7
{[%clk 0:30:45]} Qb6 {[%clk 0:29:58]} 21. d6 {[%clk 0:29:59]} Qc6 {[%clk
0:18:37]} 22. Bf1 {[%clk 0:15:54]} Bf5 {[%clk 0:16:24]} 23. R1e3 {[%clk 0:14:35]}
Ng4 {[%clk 0:09:46]} 24. Rxh3 {[%clk 0:10:49]} Bd4 {[%clk 0:10:06]} 25. Bg2
{[%clk 0:10:08]} Nxf2 {[%clk 0:05:48]} 26. Bxc6 {[%clk 0:07:46]} Nxh3+ {[%clk
0:05:46]} 27. Kh2 {[%clk 0:08:00]} bxc6 {[%clk 0:05:24]} 28. Be5 {[%clk 0:07:00]}
Rfd8 {[%clk 0:04:04]} 29. Qh6 {[%clk 0:06:32]} Bxe5+ {[%clk 0:04:09]} 30. Rxe5
{[%clk 0:06:57]} Nf2 {[%clk 0:04:29]} 31. Kg3 {[%clk 0:05:02]} Ng4 {[%clk
0:04:53]} 32. Qf4 {[%clk 0:05:24]} Nxe5 {[%clk 0:05:14]} 33. Qxe5 {[%clk
0:05:52]} Rd7 {[%clk 0:04:56]} 34. Qxc5 {[%clk 0:02:04]} Rad8 {[%clk 0:05:20]}
35. Qxc6 {[%clk 0:02:27]} Rxd6 {[%clk 0:05:43]} 36. Qb7 {[%clk 0:02:05]} Kg7
{[%clk 0:03:38]} 37. Kf2 {[%clk 0:02:18]} Rd2+ {[%clk 0:03:31]} 38. Ke1 {[%clk
0:02:33]} Rc2 {[%clk 0:03:15]} 39. Qxa6 {[%clk 0:02:37]} Rh8 {[%clk 0:02:34]} 0-1

[Event "Irena Warakomska Memorial A"]
[Site "Suwalki"]
[Date "2018.08.06"]
[Round "7"]
[White "Kyc, Jerzy"]
[Black "Gumularz, Szymon"]
[Result "1/2-1/2"]
[Board "17"]
[WhiteElo "2269"]
[WhiteCountry "POL"]
[WhiteFideId "1163922"]
[WhiteEloChange "5"]
[BlackElo "2461"]
[BlackTitle "IM"]
[BlackCountry "POL"]
[BlackFideId "1188062"]
[BlackEloChange "-3"]

1. e4 {[%clk 1:30:58]} c6 {[%clk 1:29:14]} 2. d4 {[%clk 1:31:21]} d5 {[%clk
1:29:36]} 3. Nd2 {[%clk 1:31:39]} dxe4 {[%clk 1:29:59]} 4. Nxe4 {[%clk 1:32:06]}
Bf5 {[%clk 1:30:22]} 5. Ng3 {[%clk 1:32:32]} Bg6 {[%clk 1:30:44]} 6. Nf3 {[%clk
1:32:46]} Nd7 {[%clk 1:30:46]} 7. Bd3 {[%clk 1:30:58]} e6 {[%clk 1:29:58]} 8. O-O
{[%clk 1:31:16]} Ngf6 {[%clk 1:30:13]} 9. Re1 {[%clk 1:31:34]} Be7 {[%clk
1:29:27]} 10. c4 {[%clk 1:30:59]} O-O {[%clk 1:28:38]} 11. Bxg6 {[%clk 1:28:49]}
hxg6 {[%clk 1:29:04]} 12. b3 {[%clk 1:28:41]} c5 {[%clk 1:19:36]} 13. Bb2 {[%clk
1:28:24]} cxd4 {[%clk 1:19:04]} 14. Nxd4 {[%clk 1:27:56]} Qb6 {[%clk 1:17:20]}
15. Qf3 {[%clk 1:24:21]} Rfd8 {[%clk 1:16:01]} 16. Rad1 {[%clk 1:18:40]} Nf8
{[%clk 1:11:06]} 17. Bc3 {[%clk 1:05:42]} Rac8 {[%clk 1:05:32]} 18. Qe2 {[%clk
1:01:17]} Bb4 {[%clk 1:01:50]} 19. Bxb4 {[%clk 1:01:14]} Qxb4 {[%clk 1:02:00]}
20. Nf3 {[%clk 0:59:34]} N8d7 {[%clk 0:56:13]} 21. Rd2 {[%clk 0:52:17]} Nc5
{[%clk 0:55:10]} 22. Red1 {[%clk 0:52:29]} Rxd2 {[%clk 0:55:31]} 23. Qxd2 {[%clk
0:52:44]} Qxd2 {[%clk 0:54:16]} 24. Rxd2 {[%clk 0:53:12]} Kf8 {[%clk 0:54:07]}
25. Kf1 {[%clk 0:52:50]} Ke7 {[%clk 0:54:12]} 26. Ne5 {[%clk 0:52:55]} a5 {[%clk
0:50:13]} 27. Ke2 {[%clk 0:49:42]} a4 {[%clk 0:25:54]} 28. Rb2 {[%clk 0:12:27]}
axb3 {[%clk 0:25:19]} 1/2-1/2

[Event "Irena Warakomska Memorial A"]
[Site "Suwalki"]
[Date "2018.08.06"]
[Round "7"]
[White "Szustakowski, Antoni"]
[Black "Omelja, Artem"]
[Result "1/2-1/2"]
[Board "18"]
[WhiteElo "2330"]
[WhiteTitle "FM"]
[WhiteCountry "POL"]
[WhiteFideId "1167677"]
[WhiteEloChange "3"]
[BlackElo "2445"]
[BlackCountry "UKR"]
[BlackFideId "14119846"]
[BlackEloChange "-2"]

1. e4 {[%clk 1:30:53]} d6 {[%clk 1:29:08]} 2. d4 {[%clk 1:31:12]} Nf6 {[%clk
1:29:20]} 3. Nc3 {[%clk 1:31:36]} e5 {[%clk 1:28:32]} 4. Nf3 {[%clk 1:31:57]}
Nbd7 {[%clk 1:28:37]} 5. Bc4 {[%clk 1:32:21]} Be7 {[%clk 1:28:53]} 6. a4 {[%clk
1:32:46]} O-O {[%clk 1:28:48]} 7. O-O {[%clk 1:33:07]} c6 {[%clk 1:28:29]} 8. Re1
{[%clk 1:33:32]} b6 {[%clk 1:24:11]} 9. h3 {[%clk 1:32:25]} a6 {[%clk 1:22:46]}
10. Qe2 {[%clk 1:25:09]} Bb7 {[%clk 1:21:56]} 11. Ba2 {[%clk 1:24:43]} b5 {[%clk
1:21:13]} 12. axb5 {[%clk 1:21:57]} axb5 {[%clk 1:21:10]} 13. b4 {[%clk 1:21:30]}
exd4 {[%clk 1:17:02]} 14. Nxd4 {[%clk 1:21:52]} Re8 {[%clk 1:17:20]} 15. Qd2
{[%clk 1:10:35]} Bf8 {[%clk 1:11:06]} 16. Bb2 {[%clk 1:10:50]} g6 {[%clk
1:01:09]} 17. Qf4 {[%clk 1:02:03]} Ne5 {[%clk 0:59:56]} 18. Rad1 {[%clk 0:55:41]}
Nh5 {[%clk 0:57:56]} 19. Qe3 {[%clk 0:54:45]} Qh4 {[%clk 0:53:30]} 20. Nf3 {[%clk
0:42:57]} Qe7 {[%clk 0:44:11]} 21. Bb3 {[%clk 0:38:31]} Bg7 {[%clk 0:41:21]} 22.
Nd2 {[%clk 0:31:31]} g5 {[%clk 0:31:20]} 23. Ne2 {[%clk 0:28:10]} Nf4 {[%clk
0:31:04]} 24. Bd4 {[%clk 0:17:35]} Qf6 {[%clk 0:23:44]} 25. Nxf4 {[%clk 0:15:50]}
gxf4 {[%clk 0:22:46]} 26. Qe2 {[%clk 0:16:15]} Qg6 {[%clk 0:20:36]} 27. Nf3
{[%clk 0:16:15]} Bc8 {[%clk 0:19:48]} 28. Kh2 {[%clk 0:13:49]} Kh8 {[%clk
0:17:50]} 29. Nxe5 {[%clk 0:10:10]} Bxe5 {[%clk 0:18:04]} 30. Qf3 {[%clk
0:09:01]} Rg8 {[%clk 0:11:23]} 31. Bxe5+ {[%clk 0:08:38]} dxe5 {[%clk 0:11:44]}
32. Rg1 {[%clk 0:08:25]} Qf6 {[%clk 0:04:52]} 33. g3 {[%clk 0:05:59]} Be6 {[%clk
0:04:22]} 34. Bxe6 {[%clk 0:04:53]} fxg3+ {[%clk 0:04:32]} 35. Rxg3 {[%clk
0:05:18]} Qxe6 {[%clk 0:04:52]} 36. Rdg1 {[%clk 0:03:24]} Rg6 {[%clk 0:04:58]}
37. Qc3 {[%clk 0:02:08]} 1/2-1/2

[Event "Irena Warakomska Memorial A"]
[Site "Suwalki"]
[Date "2018.08.06"]
[Round "7"]
[White "Grinev, Valeriy"]
[Black "Kokoszczynski, Jan"]
[Result "1-0"]
[Board "19"]
[WhiteElo "2412"]
[WhiteTitle "IM"]
[WhiteCountry "UKR"]
[WhiteFideId "14117517"]
[WhiteEloChange "2"]
[BlackElo "2111"]
[BlackCountry "POL"]
[BlackFideId "1174460"]
[BlackEloChange "-3"]

1. Nf3 {[%clk 1:30:48]} Nf6 {[%clk 1:30:46]} 2. g3 {[%clk 1:31:09]} b6 {[%clk
1:30:51]} 3. Bg2 {[%clk 1:31:26]} Bb7 {[%clk 1:31:07]} 4. O-O {[%clk 1:31:25]} e6
{[%clk 1:29:21]} 5. c4 {[%clk 1:31:21]} Be7 {[%clk 1:29:11]} 6. d4 {[%clk
1:31:36]} O-O {[%clk 1:29:13]} 7. d5 {[%clk 1:32:00]} exd5 {[%clk 1:26:16]} 8.
Nh4 {[%clk 1:32:22]} Re8 {[%clk 1:24:30]} 9. cxd5 {[%clk 1:31:21]} Bf8 {[%clk
1:22:15]} 10. Nf5 {[%clk 1:25:29]} Na6 {[%clk 1:17:13]} 11. Nc3 {[%clk 1:25:47]}
Nc5 {[%clk 1:16:09]} 12. Qd4 {[%clk 1:22:31]} h6 {[%clk 1:08:54]} 13. b4 {[%clk
1:17:43]} Na6 {[%clk 1:09:00]} 14. a3 {[%clk 1:17:09]} c5 {[%clk 1:07:48]} 15.
dxc6 {[%clk 1:17:31]} Bxc6 {[%clk 1:02:27]} 16. e4 {[%clk 1:17:15]} Nc7 {[%clk
0:58:18]} 17. Bb2 {[%clk 0:57:48]} Ne6 {[%clk 0:47:03]} 18. Qd3 {[%clk 0:57:34]}
g6 {[%clk 0:45:34]} 19. Nd6 {[%clk 0:57:11]} Bxd6 {[%clk 0:44:32]} 20. Qxd6
{[%clk 0:57:33]} Qc7 {[%clk 0:42:17]} 21. Qd2 {[%clk 0:57:13]} Ng5 {[%clk
0:26:54]} 22. h4 {[%clk 0:55:52]} Ngh7 {[%clk 0:26:30]} 23. Qxh6 {[%clk 0:55:48]}
Rac8 {[%clk 0:25:23]} 24. Rac1 {[%clk 0:51:27]} Qe5 {[%clk 0:25:05]} 25. Qd2
{[%clk 0:50:47]} Qe6 {[%clk 0:24:43]} 26. Qd4 {[%clk 0:46:45]} Bb7 {[%clk
0:23:09]} 27. Nd5 {[%clk 0:29:16]} Bxd5 {[%clk 0:23:08]} 28. exd5 {[%clk
0:29:38]} Qe2 {[%clk 0:21:56]} 29. d6 {[%clk 0:28:25]} Rxc1 {[%clk 0:20:18]} 30.
Rxc1 {[%clk 0:28:41]} Re6 {[%clk 0:19:52]} 31. Bc3 {[%clk 0:21:51]} Qg4 {[%clk
0:18:59]} 32. Qxg4 {[%clk 0:13:48]} Nxg4 {[%clk 0:19:23]} 33. Bd5 {[%clk
0:13:22]} Re8 {[%clk 0:16:51]} 34. Bd4 {[%clk 0:12:54]} Nhf6 {[%clk 0:16:59]} 35.
Bb3 {[%clk 0:12:10]} Ne5 {[%clk 0:17:13]} 36. Kg2 {[%clk 0:12:06]} 1-0

[Event "Irena Warakomska Memorial A"]
[Site "Suwalki"]
[Date "2018.08.06"]
[Round "7"]
[White "Cukrowski, Filip"]
[Black "Dzhuguryan, Tygran"]
[Result "1/2-1/2"]
[Board "20"]
[WhiteElo "2401"]
[WhiteTitle "FM"]
[WhiteCountry "POL"]
[WhiteFideId "1171097"]
[WhiteEloChange "-3"]
[BlackElo "2178"]
[BlackCountry "POL"]
[BlackFideId "21872988"]
[BlackEloChange "6"]

1. e4 {[%clk 1:30:30]} c6 {[%clk 1:30:30]} 2. d4 {[%clk 1:30:30]} g6 {[%clk
1:30:30]} 3. Nf3 {[%clk 1:30:30]} Bg7 {[%clk 1:30:30]} 4. c3 {[%clk 1:30:30]} Nf6
{[%clk 1:30:30]} 5. Nbd2 {[%clk 1:30:30]} O-O {[%clk 1:30:30]} 6. Bd3 {[%clk
1:30:30]} d6 {[%clk 1:30:30]} 7. O-O {[%clk 1:30:30]} Nbd7 {[%clk 1:30:30]} 8.
Qe2 {[%clk 1:30:30]} Nh5 {[%clk 1:30:30]} 9. Nc4 {[%clk 1:30:30]} b5 {[%clk
1:30:30]} 10. Na3 {[%clk 1:30:30]} e5 {[%clk 1:30:30]} 11. d5 {[%clk 1:30:30]}
cxd5 {[%clk 1:30:30]} 12. Bxb5 {[%clk 1:30:30]} dxe4 {[%clk 1:30:30]} 13. Qxe4
{[%clk 1:30:30]} Rb8 {[%clk 1:30:30]} 14. Bg5 {[%clk 1:30:30]} Ndf6 {[%clk
1:30:30]} 15. Qe3 {[%clk 1:30:30]} Qc7 {[%clk 1:30:30]} 16. Rad1 {[%clk 1:30:30]}
h6 {[%clk 1:30:30]} 17. Bxf6 {[%clk 1:30:30]} Nxf6 {[%clk 1:30:30]} 18. h3 {[%clk
1:30:30]} Be6 {[%clk 1:30:30]} 19. c4 {[%clk 1:30:30]} a6 {[%clk 1:30:30]} 20.
Bxa6 {[%clk 1:30:30]} Rxb2 {[%clk 1:30:30]} 21. Rb1 {[%clk 1:30:30]} Rxb1 {[%clk
1:30:30]} 22. Rxb1 {[%clk 1:30:30]} Ra8 {[%clk 1:30:30]} 23. Bb5 {[%clk 1:30:30]}
Nd7 {[%clk 1:30:30]} 24. Bxd7 {[%clk 1:30:30]} Qxd7 {[%clk 1:30:30]} 25. Rb6
{[%clk 1:30:30]} Bf8 {[%clk 1:30:30]} 26. Nd2 {[%clk 1:30:30]} d5 {[%clk
1:30:30]} 27. c5 {[%clk 1:30:30]} Qa4 {[%clk 1:30:30]} 28. Nb5 {[%clk 1:30:30]}
Qd1+ {[%clk 1:28:36]} 29. Kh2 {[%clk 1:28:41]} Bxc5 {[%clk 1:28:36]} 30. Qxc5
{[%clk 1:28:41]} Qxd2 {[%clk 1:28:36]} 31. Nc7 {[%clk 1:28:41]} Rc8 {[%clk
1:28:36]} 32. Rc6 {[%clk 1:28:41]} Rf8 {[%clk 1:28:36]} 33. Nxe6 {[%clk 1:28:41]}
fxe6 {[%clk 1:28:36]} 34. Rxe6 {[%clk 1:28:41]} Qxf2 {[%clk 1:28:36]} 35. Qxf2
{[%clk 1:28:41]} Rxf2 {[%clk 1:28:36]} 36. Rxe5 {[%clk 1:28:41]} Rxa2 {[%clk
1:28:36]} 37. Rxd5 {[%clk 1:28:41]} 1/2-1/2

[Event "Irena Warakomska Memorial A"]
[Site "Suwalki"]
[Date "2018.08.06"]
[Round "7"]
[White "Goluch, Piotr"]
[Black "Socko, Monika"]
[Result "1/2-1/2"]
[Board "21"]
[WhiteElo "2332"]
[WhiteTitle "FM"]
[WhiteCountry "POL"]
[WhiteFideId "1137840"]
[WhiteEloChange "4"]
[BlackElo "2464"]
[BlackTitle "GM"]
[BlackCountry "POL"]
[BlackFideId "1106619"]
[BlackEloChange "-2"]

1. e4 {[%clk 1:30:53]} c6 {[%clk 1:30:52]} 2. d4 {[%clk 1:30:04]} d5 {[%clk
1:31:18]} 3. e5 {[%clk 1:30:30]} Bf5 {[%clk 1:31:44]} 4. h4 {[%clk 1:30:56]} h5
{[%clk 1:32:09]} 5. Bd3 {[%clk 1:31:22]} Bxd3 {[%clk 1:32:07]} 6. Qxd3 {[%clk
1:31:46]} Qa5+ {[%clk 1:30:51]} 7. Nd2 {[%clk 1:27:25]} e6 {[%clk 1:30:39]} 8.
Nf3 {[%clk 1:25:54]} Qa6 {[%clk 1:28:05]} 9. c4 {[%clk 1:24:16]} Ne7 {[%clk
1:25:45]} 10. O-O {[%clk 1:09:28]} Nd7 {[%clk 1:25:35]} 11. a3 {[%clk 0:58:04]}
Nf5 {[%clk 1:23:49]} 12. Qc2 {[%clk 0:58:00]} Be7 {[%clk 1:22:52]} 13. g3 {[%clk
0:57:11]} dxc4 {[%clk 1:21:18]} 14. Nxc4 {[%clk 0:57:20]} Nb6 {[%clk 1:19:24]}
15. Ne3 {[%clk 0:54:47]} Nxe3 {[%clk 1:18:28]} 16. Bxe3 {[%clk 0:54:52]} Qc4
{[%clk 1:17:53]} 17. Rac1 {[%clk 0:53:37]} Qxc2 {[%clk 1:17:27]} 18. Rxc2 {[%clk
0:54:05]} Nd5 {[%clk 1:16:38]} 19. Nd2 {[%clk 0:52:05]} f6 {[%clk 1:14:40]} 20.
exf6 {[%clk 0:52:29]} gxf6 {[%clk 1:14:11]} 21. Re1 {[%clk 0:49:42]} Rd8 {[%clk
1:11:50]} 22. Nc4 {[%clk 0:47:24]} Kf7 {[%clk 1:11:28]} 23. Bc1 {[%clk 0:47:41]}
Rhe8 {[%clk 1:11:08]} 24. Na5 {[%clk 0:40:17]} Rd7 {[%clk 1:11:15]} 25. Nb3
{[%clk 0:40:44]} Nc7 {[%clk 1:07:50]} 26. Be3 {[%clk 0:39:47]} Rd5 {[%clk
1:05:54]} 27. Nc1 {[%clk 0:35:44]} Rd7 {[%clk 1:03:15]} 28. Ne2 {[%clk 0:28:13]}
Nd5 {[%clk 1:03:19]} 29. Bc1 {[%clk 0:28:37]} Bf8 {[%clk 1:01:17]} 30. f3 {[%clk
0:26:00]} f5 {[%clk 0:55:52]} 31. Kg2 {[%clk 0:24:24]} Bg7 {[%clk 0:52:36]} 32.
Kh3 {[%clk 0:20:33]} Rh8 {[%clk 0:48:57]} 33. Bg5 {[%clk 0:16:14]} Nc7 {[%clk
0:45:31]} 34. Rd2 {[%clk 0:16:26]} Nb5 {[%clk 0:44:38]} 35. Red1 {[%clk 0:16:50]}
Nc7 {[%clk 0:43:08]} 36. Rd3 {[%clk 0:15:57]} Nd5 {[%clk 0:42:59]} 37. g4 {[%clk
0:13:42]} Bf6 {[%clk 0:41:36]} 38. Bxf6 {[%clk 0:13:55]} hxg4+ {[%clk 0:31:29]}
39. fxg4 {[%clk 0:14:19]} fxg4+ {[%clk 0:31:40]} 40. Kxg4 {[%clk 0:44:44]} Nxf6+
{[%clk 1:02:08]} 41. Kh3 {[%clk 0:45:04]} Rd5 {[%clk 0:56:07]} 42. Rf1 {[%clk
0:43:59]} Rb5 {[%clk 0:54:35]} 43. Ng3 {[%clk 0:38:44]} Ke7 {[%clk 0:52:27]} 44.
Rdf3 {[%clk 0:34:24]} Rh6 {[%clk 0:52:04]} 45. R1f2 {[%clk 0:32:03]} Rg6 {[%clk
0:49:33]} 46. b4 {[%clk 0:30:01]} Rd5 {[%clk 0:47:07]} 47. Rf4 {[%clk 0:27:20]}
a5 {[%clk 0:45:01]} 48. Ne4 {[%clk 0:21:06]} Nxe4 {[%clk 0:43:12]} 49. Rxe4
{[%clk 0:21:34]} axb4 {[%clk 0:42:35]} 50. axb4 {[%clk 0:22:03]} Rb5 {[%clk
0:41:04]} 51. Rb2 {[%clk 0:22:21]} Rf5 {[%clk 0:40:04]} 52. Rb3 {[%clk 0:19:08]}
Rf1 {[%clk 0:34:30]} 53. Rg3 {[%clk 0:16:08]} Rgf6 {[%clk 0:31:02]} 54. Rg7+
{[%clk 0:16:07]} Kd6 {[%clk 0:31:31]} 55. Rxb7 {[%clk 0:14:38]} Rg6 {[%clk
0:31:54]} 56. Kh2 {[%clk 0:13:05]} Rf2+ {[%clk 0:32:20]} 57. Kh3 {[%clk 0:13:04]}
Rf3+ {[%clk 0:32:01]} 58. Kh2 {[%clk 0:13:29]} Kd5 {[%clk 0:28:38]} 59. Re5+
{[%clk 0:13:58]} Kxd4 {[%clk 0:29:04]} 60. Rg5 {[%clk 0:14:24]} Rxg5 {[%clk
0:27:35]} 61. hxg5 {[%clk 0:14:52]} Rf5 {[%clk 0:27:59]} 62. Rg7 {[%clk 0:13:53]}
e5 {[%clk 0:26:12]} 63. Kg3 {[%clk 0:13:15]} e4 {[%clk 0:26:04]} 64. Kg4 {[%clk
0:13:38]} Re5 {[%clk 0:22:46]} 65. Rd7+ {[%clk 0:09:46]} Kc4 {[%clk 0:22:24]} 66.
Kf4 {[%clk 0:09:33]} Re8 {[%clk 0:21:00]} 67. Ke3 {[%clk 0:09:39]} Rg8 {[%clk
0:19:43]} 68. Rd6 {[%clk 0:09:57]} Rxg5 {[%clk 0:19:33]} 69. Rxc6+ {[%clk
0:10:13]} Kxb4 {[%clk 0:19:58]} 70. Kxe4 {[%clk 0:10:38]} 1/2-1/2

[Event "Irena Warakomska Memorial A"]
[Site "Suwalki"]
[Date "2018.08.06"]
[Round "7"]
[White "Schippers, Maurice"]
[Black "Dmochowska, Agnieszka"]
[Result "0-1"]
[Board "28"]
[WhiteElo "2303"]
[WhiteCountry "NED"]
[WhiteFideId "1004735"]
[WhiteEloChange "-15"]
[BlackElo "2096"]
[BlackTitle "WCM"]
[BlackCountry "POL"]
[BlackFideId "1142984"]
[BlackEloChange "15"]

1. e4 {[%clk 1:30:30]} c5 {[%clk 1:30:30]} 2. Nf3 {[%clk 1:30:30]} Nc6 {[%clk
1:30:30]} 3. d4 {[%clk 1:30:30]} cxd4 {[%clk 1:30:30]} 4. Nxd4 {[%clk 1:30:30]}
Nf6 {[%clk 1:30:30]} 5. Nc3 {[%clk 1:30:30]} d6 {[%clk 1:30:30]} 6. Bg5 {[%clk
1:30:30]} e6 {[%clk 1:30:30]} 7. Qd2 {[%clk 1:30:30]} a6 {[%clk 1:30:30]} 8.
O-O-O {[%clk 1:30:30]} Be7 {[%clk 1:30:30]} 9. f4 {[%clk 1:30:30]} Bd7 {[%clk
1:30:30]} 10. Nf3 {[%clk 1:30:30]} b5 {[%clk 1:30:30]} 11. e5 {[%clk 1:30:30]} b4
{[%clk 1:30:30]} 12. exf6 {[%clk 1:30:30]} bxc3 {[%clk 1:30:30]} 13. Qxc3 {[%clk
1:30:30]} gxf6 {[%clk 1:30:30]} 14. Bh4 {[%clk 1:30:30]} d5 {[%clk 1:30:30]} 15.
Kb1 {[%clk 1:30:30]} a5 {[%clk 1:30:30]} 16. f5 {[%clk 1:30:30]} Rc8 {[%clk
1:30:30]} 17. fxe6 {[%clk 1:30:30]} fxe6 {[%clk 1:30:30]} 18. Nd4 {[%clk
1:30:30]} Ne5 {[%clk 1:30:30]} 19. Qg3 {[%clk 1:30:30]} Ng6 {[%clk 1:30:30]} 20.
Bd3 {[%clk 1:30:30]} Kf7 {[%clk 1:30:30]} 21. Rhf1 {[%clk 1:30:30]} Qc7 {[%clk
1:30:30]} 22. Bxf6 {[%clk 1:30:30]} Bxf6 {[%clk 1:30:30]} 23. Qg5 {[%clk
1:30:30]} Qd8 {[%clk 1:30:30]} 24. Rxf6+ {[%clk 1:30:30]} Qxf6 {[%clk 1:30:30]}
25. Rf1 {[%clk 1:30:30]} Qxf1+ {[%clk 1:30:30]} 26. Bxf1 {[%clk 1:30:30]} e5
{[%clk 1:30:30]} 27. Nf3 {[%clk 1:30:30]} Rce8 {[%clk 1:30:05]} 28. Bd3 {[%clk
1:28:31]} Kg7 {[%clk 1:24:26]} 29. b3 {[%clk 1:23:35]} Rhf8 {[%clk 1:22:28]} 30.
Bxg6 {[%clk 1:20:36]} hxg6 {[%clk 1:22:52]} 31. Nxe5 {[%clk 1:19:23]} Bf5 {[%clk
1:22:34]} 32. Nf3 {[%clk 1:16:23]} Be4 {[%clk 1:22:05]} 33. Nd4 {[%clk 1:14:51]}
Rf2 {[%clk 1:21:24]} 34. g4 {[%clk 1:14:09]} Rxh2 {[%clk 1:20:39]} 35. Qf4 {[%clk
1:11:48]} Rg2 {[%clk 1:19:42]} 36. Kb2 {[%clk 1:11:24]} Re7 {[%clk 1:19:07]} 37.
g5 {[%clk 1:11:16]} Rf7 {[%clk 1:18:05]} 38. Ne6+ {[%clk 1:10:10]} Kg8 {[%clk
1:18:05]} 39. Qb8+ {[%clk 1:10:29]} Kh7 {[%clk 1:18:30]} 40. Nf8+ {[%clk
1:10:38]} Kg7 {[%clk 1:18:44]} 41. Ne6+ {[%clk 1:10:36]} Kh7 {[%clk 1:17:33]} 42.
Qe8 {[%clk 0:51:40]} Rxc2+ {[%clk 1:16:33]} 43. Ka3 {[%clk 0:51:40]} Rcf2 {[%clk
1:16:31]} 44. Nd8 {[%clk 0:50:55]} Rg7 {[%clk 1:14:26]} 45. Nc6 {[%clk 0:50:26]}
Bb1 {[%clk 1:09:32]} 46. Nxa5 {[%clk 0:50:45]} Rxa2+ {[%clk 1:08:19]} 47. Kb4
{[%clk 0:50:45]} Bf5 {[%clk 1:07:56]} 48. Qd8 {[%clk 0:49:01]} Rd7 {[%clk
1:05:37]} 49. Qf6 {[%clk 0:45:49]} d4 {[%clk 1:02:58]} 50. Nc4 {[%clk 0:45:26]}
Rc2 {[%clk 0:53:38]} 51. Ne5 {[%clk 0:43:31]} Rb7+ {[%clk 0:53:57]} 52. Ka3
{[%clk 0:43:56]} Ra7+ {[%clk 0:54:16]} 53. Kb4 {[%clk 0:44:20]} Rb7+ {[%clk
0:54:16]} 54. Ka3 {[%clk 0:44:40]} Rc3 {[%clk 0:53:37]} 55. Ka4 {[%clk 0:39:00]}
Rcxb3 {[%clk 0:52:37]} 56. Qf8 {[%clk 0:38:52]} Rb1 {[%clk 0:52:14]} 57. Nc4
{[%clk 0:38:51]} Bd7+ {[%clk 0:52:17]} 58. Ka5 {[%clk 0:39:00]} Ra7# {[%clk
0:52:42]} 0-1